Komitety Wyborcze podczas wyborów do Europarlamentu 2024 - Statystyki

Ogólne statystyki
  • Ten quiz został rozwiązany 38 razy
  • Średni wynik to 6 z 11
Statystyki odpowiedzi
Procent Komitet Wyborczy % Poprawnych
37.06% Koalicja Obywatelska
100%
12.08% Konfederacja Wolność i Niepodległość
100%
36.16% Prawo i Sprawiedliwość
100%
6.30% Lewica
97%
6.91% Trzecia Droga Polska 2050 Szymona Hołowni – Polskie Stronnictwo Ludowe
94%
0.25% Polexit
47%
0.93% Bezpartyjni Samorządowcy – Normalna Polska w Normalnej Europie
44%
0.17% Normalny Kraj
12%
0.04% Ruch Naprawy Polski
12%
0.02% Głos Silnej Polski
9%
0.08% Polska Liberalna Strajk Przedsiębiorców
6%
Nie znaleziono quizów pasujących do podanych kryteriów
Rozkład punktacji
Procent ludzi z każdym wynikiem
Percentyl według liczby udzielonych odpowiedzi
Twoja historia wyników
Nie rozwiązałeś tego quizu